| 000 | 00605nam a2200217Ia 4500 | ||
|---|---|---|---|
| 003 | IN-BaIIA | ||
| 008 | 211028s9999 xx 000 0 eng d | ||
| 020 | _a0-19-853995-9 | ||
| 040 | _cIIA Library | ||
| 080 |
_a539.18 _bGHO |
||
| 100 |
_aGhosh, P. K _920297 |
||
| 245 | 0 |
_aIon traps _cP. K. Ghosh |
|
| 260 |
_aOxford _bOxford University Press _c1995 |
||
| 300 | _ax, 326p. | ||
| 650 |
_aAtomic physics _91547 |
||
| 650 |
_aIon traps _920298 |
||
| 650 |
_aIons _917672 |
||
| 650 |
_aPaul traps _920299 |
||
| 650 |
_aPenning traps _920300 |
||
| 942 | _cBK | ||
| 999 |
_c11726 _d11726 |
||